002810000a2200085000450024501010000004100140010170000190011510000210013477300400015510aConserving what and for whom? why conservation should help meet basic human needs in the tropics0 aEspañol1 aSheil, Douglas1 aKaimowith, David1 tBiotropicah5q567-574 p.d2007g39